| 000 | 00442nam a2200145Ia 4500 | ||
|---|---|---|---|
| 008 | 240729s9999 xx 000 0 und d | ||
| 022 | _a2582-9858 | ||
| 245 | 0 | _aTranscript: An e-Journal of Literary and Cultural Studies | |
| 260 | _aIndia | ||
| 260 | _bDepartment of English, Bodoland University | ||
| 650 | _aLanguage and Literature | ||
| 856 | _uhttps://doaj.org/toc/8dad0aa39f4646b8b69e75133b8a510c | ||
| 942 | _2ddc | ||
| 942 | _cDOAJEJ | ||
| 999 |
_c67280 _d67280 |
||
| 945 |
_a1 _bMadushi Gamage _c1 _dMadushi Gamage |
||